Zákon č. .../2002 Z.z. z 15. marca 2002 o elektronickom podpise a o zmene a doplnení niektorých zákonov
Znenie zákona č. .../2002 Z.z. z 15. marca 2002 o elektronickom podpise a o zmene a doplnení niektorých zákonov. Tento zákon upravuje vzťahy vznikajúce v súvislosti s vyhotovovaním a používaním elektronického podpisu, práva a povinnosti fyzických osôb a právnických osôb pri používaní elektronického...
Uložené v:
| Médium: | Kapitola |
|---|---|
| Jazyk: | Slovak |
| Predmet: | |
| Tagy: |
Žiadne tagy, Buďte prvý, kto otaguje tento záznam!
|
MARC
| LEADER | 00000naa a2200000 4500 | ||
|---|---|---|---|
| 001 | r045085 | ||
| 005 | 20230927070257.8 | ||
| 041 | 0 | |a slo | |
| 044 | |a SK | ||
| 245 | 1 | 0 | |a Zákon č. .../2002 Z.z. z 15. marca 2002 o elektronickom podpise a o zmene a doplnení niektorých zákonov |
| 520 | |a Znenie zákona č. .../2002 Z.z. z 15. marca 2002 o elektronickom podpise a o zmene a doplnení niektorých zákonov. Tento zákon upravuje vzťahy vznikajúce v súvislosti s vyhotovovaním a používaním elektronického podpisu, práva a povinnosti fyzických osôb a právnických osôb pri používaní elektronického podpisu, hodnovernosť a ochranu elektronických dokumentov podpísaných elektronickým podpisom. | ||
| 610 | 2 | 0 | |a podpis elektronický |
| 610 | 2 | 0 | |a zákony |
| 610 | 2 | 0 | |a Slovensko |
| 610 | 2 | 0 | |a máj |
| 610 | 2 | 0 | |a 2002 |